000
00268nam a2200097Ia 4500
082
_a
EF NEWM
245
0
_a
The book of unholy mischief : a novel
100
_a
NEWMARK, Elle London, 2009
_9
82480
942
_c
BK
008
210817s9999 xx 000 0 und d
999
_c
389657
_d
389656